000 01039nam a2200253Ia 4500
001 16271
003 GE_BSU
008 181216s||||||||xx |||||||||||||| ||und||
020 _aISBN 978-9941-0-4002-3
040 _cGE_BSU
080 _a347.4(075.8)
100 _aმარიამიძე, გიორგი
245 _aვალდებულებითი სამართალი
245 _bზოგადი ნაწილი: ნაწ. 1. სახელმძღვ. კონსპექტი იურისტებისთვის
250 _aI-ლი გამოც
260 _aთბილისი
260 _b[რაიზი].
260 _c2011
300 _a50 გვ; სქ.20სმ.
541 _h5ლ.
653 _aვალდებულებითი სამართალი - სახელმძღვანელოები უმაღლესი სასწავლებლებისათვის;
653 _aსამართალი
942 _cBK
999 _c49354
_d49354